| 000 | 00384 a2200109 4500 | ||
|---|---|---|---|
| 001 | ART_39033 | ||
| 005 | 20260410161804.0 | ||
| 008 | 260409a | ||
| 245 | 1 | 0 | _aEl poder de homologación judicial. Traducción y cotejo con el sistema concursal estadounidense |
| 100 | 1 | _aDasso, Ariel A. | |
| 773 | 0 |
_tDoctrina Societaria y Concursal _g- Nº 320 (jul. 2014) _wREV4298 |
|
| 999 |
_c20857 _d20857 |
||